Stacje na Centralnej Magistrali Kolejowej - Statystyki

Ogólne statystyki
  • Ten quiz został rozwiązany 95 razy
  • Średni wynik to 8 z 14
Statystyki odpowiedzi
Numer i typ stacji Nazwa stacji % Poprawnych
10 (stacja pasażerska) Włoszczowa Północ
90%
1 (stacja pasażerska) Grodzisk Mazowiecki
83%
14 (stacja pasażerska) Zawiercie
83%
7 (stacja pasażerska) Opoczno Południe
82%
12 (stacja) Psary
62%
6 (stacja i zaplecze techniczne) Idzikowice
59%
13 (stacja) Góra Włodowska
51%
4 (posterunek odgałęźny) Biała Rawska
50%
2 (stacja) Korytów
45%
11 (posterunek odgałęźny) Knapówka
43%
9 (stacja) Olszamowice
43%
5 (stacja) Strzałki
43%
3 (stacja) Szeligi
41%
8 (posterunek odgałęźny) Pilichowice
40%
Nie znaleziono quizów pasujących do podanych kryteriów
Rozkład punktacji
Procent ludzi z każdym wynikiem
Percentyl według liczby udzielonych odpowiedzi
Twoja historia wyników
Nie rozwiązałeś tego quizu